000 01137nam a2200253Ia 4500
005 20220316235944.0
008 141017s2002 sp gr 000 0 spa
020 _a8480555572 (obra completa)
041 0 _aspa
082 0 4 _a384
_bT21
245 0 0 _aTécnico en telecomunicaciones
_cJulián Espinosa de los Monteros ... [et al.]
250 _aPrimera edición
300 _a3 volúmenes
_c25 cm
505 0 _av.1 Conocimientos previos ; Sistemas y servicios de telecomunicaciones ; Redes de telecomunicacioón ; Principios de comunicación ; Multiplexación y otros conceptos ; Medios de transmisión de antenas. -- v.2 Conmutación telefónica ; Transmisión vía radio. -- v.3 Comunicaciones vía satélite ; Comunicaciones móviles ; Nuevas tecnologías.
650 1 4 _aTelecomunicaciones
_2LEMB
650 1 4 _aRedes de telecomunicaciones
_2LEMB
700 1 _aMonteros, Julián Espinosa de los
_938868
942 _2ddc
_cBK
264 _aBarcelona
_bCultural
_c2002
336 _atexto
_btxt
_2rdacontent
337 _asin mediación
_bn
_2rdamedia
338 _avolumen
_bnc
_2rdacarrier
040 _aCO-BoRNBP
_bspa
_erda
_cCO-BoRNBP
999 _c2718
_d2718